000 01050nam a2200241Ia 4500
003 Ost
005 20260416102352.0
008 260416s9999||||xx |||||||||||||| ||und||
040 _cfsecg
041 _aara
082 _a1.6404
100 _aصدوقي، عقيلة
_eمؤلف
245 0 _aإعلام آلي 1 /
_c عقيلة صدوقي
260 _aالجزائر
_bجامعة الجزائر3: كلية العلوم الإقتصادية، العلوم التجارية وعلوم التسيير
_c2017
300 _a74 ورقة
_bايضاحات
_c30 سم
504 _aمراجع ص.74
520 _aمدخل إلى الإعلام الآلي، بنية الحاسوب، البرمجيات، الخوارزميات، أنظمة العد
653 _aاعلام آلي
653 _aالبرمجيات
653 _aالحاسبات الالكترونية
710 _aجامعة الجزائر3: كلية العلوم الإقتصادية، العلوم التجارية وعلوم التسيير
_eناشر علمي
942 _cHANDOUT
999 _c41045
_d41045